000 00674nab#a2200229#c#4500
999 _c19080
_d19080
003 IEF
005 20191211105412.0
008 950704s1975 uuu|| #####0 b| |u
040 _aIEF
_cES-MaIEF
100 1 _aFlemming, John Stanton
_916006
245 _a¿ Por qué necesitamos un Impuesto sobre la Riqueza ?
_c J. S. Fleming, I. M. D. Little
260 _c1975
500 _aConclusiones
650 4 _aIMPUESTO SOBRE EL PATRIMONIO
_946430
650 4 _aRIQUEZA
_944024
650 4 _aIMPUESTOS
_947460
700 _926111
_aLittle, Ian Malcolm David
773 0 _tHacienda pública española
_w34570
_g33, p. 246-297
942 _2udc
942 _2udc